000
00368nam a2200133Ia 4500
008
151001s9999||||xx |||||||||||||| ||und||
100
_a
Swami Chidrupanand
245
_a
Chinmaya Vidyalaye
250
_a
1
260
_b
Central chinmaya Mission Trust
260
_c
1987
300
_a
72
365
_b
18
999
_c
984303
_d
984300